[Event "ROM-ch U08 Girls"]
[Site "Calimanesti"]
[Date "2015.04.03"]
[Round "6"]
[White "Albota, Carolina Ana"]
[Black "Inte, Ruxandra Alexia"]
[Result "0-1"]
[WhiteElo "1003"]
[BlackElo "1138"]
[PlyCount "39"]
[EventDate "2015.03.30"]
[EventType "swiss"]
[EventRounds "9"]
[EventCountry "ROU"]
[SourceTitle "CBM 165 Extra"]
[Source "ChessBase"]
[SourceDate "2015.04.21"]
[SourceVersion "1"]
[SourceVersionDate "2015.04.21"]
[SourceQuality "1"]

1. e4 e5 2. Nf3 Nc6 3. Bc4 Nd4 4. Nxd4 exd4 5. 0-0 Qg5 6. d3 Qg6 7. Qf3 d5 8. exd5 Bg4 9. Bb5+ Kd8 10. Qg3 Bd6 11. Qh4+ Be7 12. Qg3 h5 13. Qe5 Bh3 14. Qg3 Qxg3 15. hxg3 Bd7 16. Bxd7 Kxd7 17. Bf4 Bd6 18. Bxd6 Kxd6 19. Re1 Nf6 20. Nd2 0-1

[Event "ROM-ch U08 Girls"]
[Site "Calimanesti"]
[Date "2015.04.02"]
[Round "5"]
[White "Inte, Ruxandra Alexia"]
[Black "Samson, Maria"]
[Result "0-1"]
[WhiteElo "1138"]
[BlackElo "1001"]
[PlyCount "89"]
[EventDate "2015.03.30"]
[EventType "swiss"]
[EventRounds "9"]
[EventCountry "ROU"]
[SourceTitle "CBM 165 Extra"]
[Source "ChessBase"]
[SourceDate "2015.04.21"]
[SourceVersion "1"]
[SourceVersionDate "2015.04.21"]
[SourceQuality "1"]

1. e4 c5 2. Nf3 e6 3. Bc4 Be7 4. Nc3 d6 5. Bb5+ Nd7 6. e5 dxe5 7. Nxe5 a6 8. Bxd7+ Bxd7 9. Qf3 Qc7 10. Qxf7+ Kd8 11. Qxg7 Bf6 12. Nf7+ Ke8 13. Qg4 Kxf7 14. Qh5+ Kf8 15. d3 Qa5 16. Bh6+ Nxh6 17. Qxh6+ Kf7 18. Qh5+ Kf8 19. 0-0 Bxc3 20. bxc3 Qxc3 21. g4 Qg7 22. f4 Rg8 23. h3 Re8 24. Kh2 Rc8 25. f5 exf5 26. Kg3 Ke7 27. Rfe1+ Kd8 28. Qh4+ Kc7 29. Kf2 Rgf8 30. Qg3+ Kd8 31. Qh4+ Kc7 32. Qg3+ f4 33. Qg2 Rfe8 34. Rxe8 Rxe8 35. Rb1 Qd4+ 36. Kf1 Bc6 37. Qd2 Qe3 38. Qa5+ Kb8 39. Qxa6 Kc8 40. Qa8+ Kd7 41. Qa7 f3 42. c3 Qxd3+ 43. Kg1 Qxb1+ 44. Kh2 f2 45. Kg3 0-1